[Event "Paracin Prestige op"]
[Site "Paracin"]
[Date "2024.01.15"]
[Round "1"]
[White "Bryakin, Mikhail"]
[Black "Kishore, Kumar Jaganathan"]
[Result "1-0"]
[WhiteElo "2494"]
[BlackElo "2096"]
[PlyCount "99"]
[EventDate "2024.01.15"]
[EventType "swiss"]
[EventRounds "9"]
[EventCountry "SRB"]
[SourceTitle "CB05_2024"]
[SourceDate "2024.01.31"]
[SourceVersion "1"]
[SourceVersionDate "2024.01.31"]
[SourceQuality "1"]

1. c4 Nf6 2. g3 g6 3. Bg2 d5 4. cxd5 Nxd5 5. Nc3 Nb6 6. h4 h5 7. d4 Bg7 8. Nf3 0-0 9. 0-0 Nc6 10. Be3 Nc4 11. Bg5 Bg4 12. d5 Bxf3 13. Bxf3 Nd4 14. Bg2 Nxb2 15. Qb1 Nc4 16. Qxb7 Rb8 17. Qa6 Nd6 18. Rab1 Qd7 19. Qxa7 N6b5 20. Nxb5 Nxb5 21. Qa4 Qg4 22. Qxg4 hxg4 23. Rfc1 Nc3 24. Rxb8 Rxb8 25. Rc2 Kf8 26. Bf4 Rb1+ 27. Kh2 Ra1 28. Bxc7 Rxa2 29. Rxa2 Nxa2 30. f3 gxf3 31. Bxf3 Ke8 32. g4 Nc3 33. Kg3 Kd7 34. Bb8 e6 35. e4 exd5 36. exd5 Bf6 37. h5 Bg5 38. Be5 Nb5 39. Bg7 gxh5 40. gxh5 Ke7 41. h6 Bf6 42. Kf4 Nd6 43. Bxf6+ Kxf6 44. Be4 Nc4 45. Bd3 Nd6 46. Ke3 Ne8 47. Kd4 Nd6 48. Kc5 Nc8 49. Bb1 Ne7 50. d6 1-0

[Event "Isola del Sole op"]
[Site "Grado"]
[Date "2023.09.28"]
[Round "7"]
[White "Boshoma, Chisomo"]
[Black "Kishore, Kumar Jaganathan"]
[Result "0-1"]
[WhiteElo "1711"]
[BlackElo "2034"]
[PlyCount "138"]
[EventDate "2023.09.23"]
[EventType "swiss"]
[EventRounds "9"]
[EventCountry "ITA"]
[SourceTitle "EXT 2024"]
[Source "ChessBase"]
[SourceDate "2023.10.10"]
[SourceVersion "1"]
[SourceVersionDate "2023.10.10"]
[SourceQuality "1"]

1. e4 c5 2. Nf3 d6 3. d4 cxd4 4. Nxd4 Nf6 5. Nc3 a6 6. Be3 e5 7. Nf3 Be6 8. Ng5 Be7 9. Qf3 0-0 10. Nxe6 fxe6 11. Qh3 Qc8 12. Bd3 b5 13. 0-0 Nc6 14. Rfd1 Nb4 15. a3 Nxd3 16. Rxd3 Rb8 17. f3 d5 18. Bg5 d4 19. Nd1 Qxc2 20. Qxe6+ Kh8 21. Rd2 Qc7 22. Rd3 Rb6 23. Qb3 Rc6 24. Nf2 Rc8 25. Rdd1 h6 26. Bd2 Nd7 27. Nd3 Nc5 28. Nxc5 Rxc5 29. Rab1 Rc4 30. Qd3 Rc2 31. Qf1 Qc4 32. Be1 Bg5 33. Bb4 Be3+ 34. Kh1 Qxf1+ 35. Rxf1 d3 36. Rfd1 d2 37. Bc3 Rd8 38. g3 Rc1 39. Bxd2 Rxd1+ 40. Rxd1 Rxd2 41. Rxd2 Bxd2 42. b3 Kg8 43. Kg2 Kf7 44. Kf1 Ke6 45. Ke2 Bc1 46. a4 Kd6 47. axb5 axb5 48. Kd3 Kc5 49. Kc3 Be3 50. b4+ Kd6 51. h3 Bf2 52. g4 Be1+ 53. Kb3 Ke6 54. Ka3 Kf6 55. Kb3 Kg5 56. Kc2 Kf4 57. Kd1 Bxb4 58. Ke2 Bc5 59. h4 b4 60. Kd3 Kxf3 61. g5 hxg5 62. hxg5 b3 63. Kc3 Kxe4 64. Kxb3 Kd3 65. Kb2 e4 66. g6 e3 67. Kb3 e2 68. Ka2 Kc2 69. Ka1 e1Q+ 0-1

[Event "Isola del Sole op"]
[Site "Grado"]
[Date "2023.09.26"]
[Round "5"]
[White "Hercegovac, Neven"]
[Black "Kishore, Kumar Jaganathan"]
[Result "1-0"]
[WhiteElo "2207"]
[BlackElo "2034"]
[PlyCount "71"]
[EventDate "2023.09.23"]
[EventType "swiss"]
[EventRounds "9"]
[EventCountry "ITA"]
[SourceTitle "EXT 2024"]
[Source "ChessBase"]
[SourceDate "2023.10.10"]
[SourceVersion "1"]
[SourceVersionDate "2023.10.10"]
[SourceQuality "1"]

1. e4 c5 2. Nf3 d6 3. d4 cxd4 4. Nxd4 Nf6 5. Nc3 a6 6. h3 e5 7. Nf3 Be7 8. g4 h6 9. Rg1 b5 10. g5 hxg5 11. Nxg5 Bb7 12. Be3 Nbd7 13. a4 b4 14. Bc4 bxc3 15. Bxf7+ Kf8 16. Bg6 Kg8 17. b3 Nc5 18. b4 Ncxe4 19. Bxe4 Bxe4 20. Ne6 Rxh3 21. Nxd8 Rxd8 22. Qe2 d5 23. Qxa6 Kf7 24. Bc5 Bxc5 25. bxc5 Bxc2 26. c6 Rhh8 27. Rc1 Be4 28. Rxc3 d4 29. Rb3 d3 30. Rb7+ Ke6 31. c7+ Rd6 32. Qc4+ Kf5 33. c8Q+ Rxc8 34. Qxc8+ Kf4 35. Rb4 d2+ 36. Ke2 1-0

[Event "Isola del Sole op"]
[Site "Grado"]
[Date "2023.09.25"]
[Round "4"]
[White "Sepehrkhoui, Ardeshir"]
[Black "Kishore, Kumar Jaganathan"]
[Result "1-0"]
[WhiteElo "2195"]
[BlackElo "2034"]
[PlyCount "89"]
[EventDate "2023.09.23"]
[EventType "swiss"]
[EventRounds "9"]
[EventCountry "ITA"]
[SourceTitle "EXT 2024"]
[Source "ChessBase"]
[SourceDate "2023.10.10"]
[SourceVersion "1"]
[SourceVersionDate "2023.10.10"]
[SourceQuality "1"]

1. e4 c5 2. Nf3 Nc6 3. Bb5 g6 4. 0-0 Bg7 5. Re1 Nf6 6. e5 Nd5 7. Nc3 Nc7 8. Bxc6 dxc6 9. Ne4 Ne6 10. d3 0-0 11. Be3 b6 12. Qd2 Nd4 13. Nxd4 cxd4 14. Bh6 Qd5 15. Bxg7 Kxg7 16. Qg5 Qe6 17. Ng3 h6 18. Qh4 c5 19. f4 Re8 20. h3 Qc6 21. Re2 f5 22. Nf1 Be6 23. g4 fxg4 24. hxg4 Qf3 25. Rg2 Qxf4 26. Re1 Qg5 27. Qxg5 hxg5 28. Nd2 Rf8 29. Ne4 Bd5 30. Nxg5 Bxg2 31. Kxg2 Rh8 32. Rf1 Rh4 33. Kg3 Rhh8 34. Rf7+ Kh6 35. Kh4 Raf8 36. Rxe7 Re8 37. Rxa7 Rxe5 38. Nf7+ Kg7+ 39. Nxh8+ Kxh8 40. Rb7 Re6 41. Kg5 Kg8 42. a4 Kf8 43. b3 Rc6 44. Kh6 Re6 45. g5 1-0

[Event "Klatovy op-A 29th"]
[Site "Klatovy"]
[Date "2023.07.07"]
[Round "7"]
[White "Kishore, Kumar Jaganathan"]
[Black "Dvorak, Jan"]
[Result "0-1"]
[WhiteElo "1931"]
[BlackElo "2176"]
[PlyCount "60"]
[EventDate "2023.07.01"]
[EventType "swiss"]
[EventRounds "9"]
[EventCountry "CZE"]
[SourceTitle "CBM 215 Extra"]
[Source "ChessBase"]
[SourceDate "2023.09.30"]
[SourceVersion "1"]
[SourceVersionDate "2023.09.30"]
[SourceQuality "1"]

1. d4 e6 2. c4 Nf6 3. g3 d5 4. Nf3 Be7 5. Bg2 0-0 6. 0-0 Nbd7 7. Qc2 c6 8. Nbd2 b6 9. e4 Ba6 10. Re1 Rc8 11. e5 Ne8 12. b3 Nc7 13. Bb2 c5 14. Rad1 b5 15. dxc5 Bxc5 16. Bd4 bxc4 17. bxc4 Bxd4 18. Nxd4 Nb5 19. Qb2 Nxd4 20. Qxd4 Bxc4 21. Nxc4 Rxc4 22. Qxa7 Rc5 23. h4 Ra5 24. Qd4 Rxa2 25. h5 Qg5 26. Rc1 Rfa8 27. Rc7 Nf8 28. Bf3 R2a4 29. Qc5 Qf5 30. Bg2 Ra1 0-1

[Event "Klatovy op-A 29th"]
[Site "Klatovy"]
[Date "2023.07.04"]
[Round "4"]
[White "Novotny, David"]
[Black "Kishore, Kumar Jaganathan"]
[Result "0-1"]
[WhiteElo "2034"]
[BlackElo "1931"]
[PlyCount "66"]
[EventDate "2023.07.01"]
[EventType "swiss"]
[EventRounds "9"]
[EventCountry "CZE"]
[SourceTitle "CBM 215 Extra"]
[Source "ChessBase"]
[SourceDate "2023.09.30"]
[SourceVersion "1"]
[SourceVersionDate "2023.09.30"]
[SourceQuality "1"]

1. d4 Nf6 2. Nc3 d5 3. Bf4 g6 4. e3 Bg7 5. h4 h5 6. Nf3 0-0 7. Ne5 c5 8. Qd2 cxd4 9. exd4 Nc6 10. 0-0-0 Bf5 11. f3 Rc8 12. Kb1 Qa5 13. Rg1 Nb4 14. Bd3 Rxc3 15. Qxc3 Qxa2+ 16. Kc1 Qa4 17. Qa3 Na2+ 18. Kd2 Qxd4 19. Be3 Qxe5 20. Bxf5 Qxf5 21. Qxa2 d4 22. Bxd4 Bh6+ 23. Ke1 e5 24. Bc3 e4 25. Rd6 exf3 26. Rxf6 Re8+ 27. Kf2 Be3+ 28. Ke1 f2+ 29. Ke2 fxg1N+ 30. Kd1 Qd7+ 31. Ke1 Bc5+ 32. Kf1 Qb5+ 33. Qc4 Qxc4# 0-1

[Event "Klatovy op-A 29th"]
[Site "Klatovy"]
[Date "2023.07.02"]
[Round "2"]
[White "Munk, Petr"]
[Black "Kishore, Kumar Jaganathan"]
[Result "1-0"]
[WhiteElo "2096"]
[BlackElo "1931"]
[PlyCount "95"]
[EventDate "2023.07.01"]
[EventType "swiss"]
[EventRounds "9"]
[EventCountry "CZE"]
[SourceTitle "CBM 215 Extra"]
[Source "ChessBase"]
[SourceDate "2023.09.30"]
[SourceVersion "1"]
[SourceVersionDate "2023.09.30"]
[SourceQuality "1"]

1. e4 c5 2. Nf3 d6 3. d4 cxd4 4. Nxd4 Nf6 5. Nc3 a6 6. Be3 e5 7. Nb3 Be6 8. f3 Be7 9. Qd2 0-0 10. 0-0-0 Nbd7 11. Nd5 Bxd5 12. exd5 a5 13. a4 Qc7 14. g4 Rfc8 15. Qf2 Nc5 16. Nxc5 dxc5 17. c4 Ra6 18. Bd3 Rb6 19. Bf5 Re8 20. Qc2 g6 21. Be4 Qd7 22. g5 Nxe4 23. fxe4 Rb4 24. d6 Qe6 25. Rd5 Bxd6 26. Rhd1 Be7 27. Bd2 Rb6 28. Qc3 Bf8 29. Qxa5 Ra6 30. Qb5 Rea8 31. a5 b6 32. Bc3 Qg4 33. Rxe5 Rxa5 34. Qd7 Ra1+ 35. Kc2 Qe2+ 36. Rd2 Qxc4 37. Re8 b5 38. Qd8 Qa4+ 39. b3 Ra2+ 40. Bb2 Rxb2+ 41. Kxb2 Qa1+ 42. Kc2 Rxd8 43. Rdxd8 Qg7 44. e5 h6 45. h4 hxg5 46. hxg5 b4 47. Kd3 f5 48. exf6 1-0

[Event "Indore op 1st"]
[Site "Indore"]
[Date "2023.04.02"]
[Round "3"]
[White "Kishore, Kumar Jaganathan"]
[Black "Utsab, Chatterjee"]
[Result "0-1"]
[WhiteElo "1823"]
[BlackElo "2338"]
[PlyCount "100"]
[EventDate "2023.04.01"]
[EventType "swiss"]
[EventRounds "10"]
[EventCountry "IND"]
[SourceTitle "CBM 213 Extra"]
[Source "ChessBase"]
[SourceDate "2023.05.31"]
[SourceVersion "1"]
[SourceVersionDate "2023.05.31"]
[SourceQuality "1"]

1. d4 d5 2. c4 e6 3. Nf3 Nf6 4. g3 Be7 5. Bg2 0-0 6. 0-0 dxc4 7. Qc2 a6 8. a4 Bd7 9. Qxc4 Bc6 10. Bg5 Bd5 11. Qc2 Be4 12. Qd1 c5 13. dxc5 h6 14. Be3 Nd5 15. Bd4 Nc6 16. Nbd2 Bh7 17. Rc1 Rc8 18. Nb3 Qc7 19. Rc4 Rfd8 20. Qc1 Nxd4 21. Rxd4 Bf6 22. Rd2 b6 23. Rfd1 bxc5 24. Qc4 Nb6 25. Qxa6 Bc2 26. a5 Na4 27. Rxc2 Rxd1+ 28. Bf1 c4 29. Nbd2 Nxb2 30. e4 c3 31. e5 Be7 32. Ne4 Bb4 33. Kg2 Rd5 34. Qb6 Bxa5 35. Qe3 Nd1 36. Qf4 Rb8 37. Nf6+ gxf6 38. Qg4+ Kf8 39. exf6 Qc5 40. Bc4 Rf5 41. Qg7+ Ke8 42. Bxe6 fxe6 43. Qg8+ Kd7 44. Qf7+ Kd6 45. Re2 Qd5 46. Qe7+ Kc6 47. Rxe6+ Kb5 48. Re4 Ka6 49. g4 Rxf3 50. Kxf3 c2 0-1

[Event "Uadjpur Pandiyar Memorial 7th"]
[Site "Uadjpur"]
[Date "2022.10.12"]
[Round "9"]
[White "Nirgun, Keval"]
[Black "Kishore, Kumar Jaganathan"]
[Result "0-1"]
[WhiteElo "1730"]
[BlackElo "1686"]
[PlyCount "66"]
[EventDate "2022.10.08"]
[EventType "swiss"]
[EventRounds "9"]
[EventCountry "IND"]
[SourceTitle "CBM 210 Extra"]
[Source "ChessBase"]
[SourceDate "2022.11.30"]
[SourceVersion "1"]
[SourceVersionDate "2022.11.30"]
[SourceQuality "1"]

1. c4 Nf6 2. Nc3 d5 3. cxd5 Nxd5 4. g3 g6 5. Bg2 Nb6 6. h4 h5 7. d4 Bg7 8. Nf3 0-0 9. 0-0 Nc6 10. d5 Na5 11. Ng5 c6 12. e4 cxd5 13. Nxd5 Nxd5 14. exd5 Bf5 15. Qe2 Rc8 16. Be4 Bxe4 17. Qxe4 Rc4 18. Qf3 Rd4 19. Be3 Rxd5 20. Bxa7 Nc4 21. Be3 Nxb2 22. Rab1 b5 23. g4 hxg4 24. Qxg4 Nc4 25. h5 Qc8 26. Qg2 Qf5 27. Rfd1 Nxe3 28. fxe3 Rfd8 29. Rxd5 Rxd5 30. e4 Qxg5 31. exd5 Bd4+ 32. Kh1 Qh4+ 33. Qh2 Qe4+ 0-1

[Event "Bhopal op"]
[Site "Bhopal"]
[Date "2018.12.22"]
[Round "3"]
[White "Laxman, Rajaram"]
[Black "Kishore, Kumar Jaganathan"]
[Result "1-0"]
[WhiteElo "2436"]
[BlackElo "1871"]
[PlyCount "83"]
[EventDate "2018.12.21"]
[EventType "swiss"]
[EventRounds "10"]
[EventCountry "IND"]
[SourceTitle "CBM 188 Extra"]
[Source "ChessBase"]
[SourceDate "2019.02.26"]
[SourceVersion "1"]
[SourceVersionDate "2019.02.26"]
[SourceQuality "1"]

1. d4 Nf6 2. Nf3 g6 3. c4 Bg7 4. Nc3 d5 5. cxd5 Nxd5 6. Bd2 Nb6 7. Bg5 0-0 8. e3 Nc6 9. Bb5 Be6 10. 0-0 h6 11. Bh4 Bc4 12. Bxc4 Nxc4 13. Qb3 Nd6 14. Rfd1 Qd7 15. e4 Na5 16. Qb4 Nc6 17. Qb3 Na5 18. Qc2 Qc6 19. Bxe7 Rfe8 20. Bxd6 cxd6 21. Rac1 Rac8 22. b3 b5 23. Qd2 Qb7 24. Qd3 a6 25. d5 Qe7 26. Nd2 Qe5 27. Ne2 Qb2 28. a4 Nb7 29. axb5 axb5 30. Qxb5 Nc5 31. Rb1 Qc2 32. Rbc1 Qb2 33. Kf1 h5 34. Nc4 Qf6 35. e5 dxe5 36. Nd2 Bf8 37. b4 Na6 38. Rxc8 Rxc8 39. Ne4 Qh4 40. Qxa6 Rb8 41. Nf6+ Kg7 42. Nd7 1-0